<?xml version="1.0" encoding="UTF-8"?>
<record
    xmlns:xsi="http://www.w3.org/2001/XMLSchema-instance"
    xsi:schemaLocation="http://www.loc.gov/MARC21/slim http://www.loc.gov/standards/marcxml/schema/MARC21slim.xsd"
    xmlns="http://www.loc.gov/MARC21/slim">

  <leader>018040000a22003370004500</leader>
  <controlfield tag="003">EG-GICUC</controlfield>
  <controlfield tag="005">20250223025157.0</controlfield>
  <controlfield tag="008">080326s2007    ua d   f m    000 0 eng d</controlfield>
  <datafield tag="040" ind1=" " ind2=" ">
    <subfield code="a">EG-GICUC</subfield>
    <subfield code="b">eng</subfield>
    <subfield code="c">EG-GICUC</subfield>
  </datafield>
  <datafield tag="041" ind1="0" ind2=" ">
    <subfield code="a">Eng</subfield>
  </datafield>
  <datafield tag="049" ind1=" " ind2=" ">
    <subfield code="a">Deposite</subfield>
  </datafield>
  <datafield tag="097" ind1=" " ind2=" ">
    <subfield code="a">M.Sc</subfield>
  </datafield>
  <datafield tag="099" ind1=" " ind2=" ">
    <subfield code="a">Cai01.13.08.M.Sc.2007.Ab.S</subfield>
  </datafield>
  <datafield tag="100" ind1="0" ind2=" ">
    <subfield code="a">Abdelmohsen Abdelrazik Abdelmohsen Khater</subfield>
  </datafield>
  <datafield tag="245" ind1="1" ind2="0">
    <subfield code="a">Simulation and implementation of the timing synchronization , cell identification , and FFT for the ofdmabased mobile wimax 802.163 / </subfield>
    <subfield code="c">Abdelmohsen Abdelrazik Abdelmohsen Khater ; Supervised Serag E.Habib , Mohamed M.Khairy</subfield>
  </datafield>
  <datafield tag="246" ind1="1" ind2="5">
    <subfield code="a">&#x645;&#x62D;&#x627;&#x643;&#x627;&#x629; &#x648;&#x62A;&#x646;&#x641;&#x64A;&#x630; &#x636;&#x628;&#x637; &#x627;&#x644;&#x62A;&#x632;&#x627;&#x645;&#x646; &#x627;&#x644;&#x648;&#x642;&#x62A;&#x649; &#x648;&#x62A;&#x62D;&#x62F;&#x64A;&#x62F; &#x627;&#x644;&#x62E;&#x644;&#x64A;&#x629; &#x648;&#x62A;&#x62D;&#x648;&#x64A;&#x644; &#x641;&#x648;&#x631;&#x64A;&#x631; &#x627;&#x644;&#x633;&#x631;&#x64A;&#x639; &#x627;&#x644;&#x62E;&#x627;&#x635; &#x628;&#x627;&#x644;&#x648;&#x627;&#x649; &#x645;&#x627;&#x643;&#x633; &#x627;&#x644;&#x645;&#x62A;&#x646;&#x642;&#x644; 802.163&#x627;&#x644;&#x645;&#x628;&#x646;&#x649; &#x639;&#x644;&#x649; &#x62A;&#x639;&#x62F;&#x62F; &#x627;&#x644;&#x627;&#x62A;&#x627;&#x62D;&#x629; &#x641;&#x649; &#x62A;&#x642;&#x633;&#x64A;&#x645; &#x646;&#x637;&#x627;&#x642; &#x627;&#x644;&#x62A;&#x631;&#x62F;&#x62F; &#x627;&#x644;&#x645;&#x62A;&#x639;&#x627;&#x645;&#x62F;</subfield>
  </datafield>
  <datafield tag="260" ind1=" " ind2=" ">
    <subfield code="a">Cairo : </subfield>
    <subfield code="b">Abdelmohsen Abdelrazik Abdelmohsen Khater , </subfield>
    <subfield code="c">2007</subfield>
  </datafield>
  <datafield tag="300" ind1=" " ind2=" ">
    <subfield code="a">101P. : </subfield>
    <subfield code="b">charts ; </subfield>
    <subfield code="c">30cm</subfield>
  </datafield>
  <datafield tag="502" ind1=" " ind2=" ">
    <subfield code="a">Thesis (M.Sc.) - Cairo University - Faculty Of Engineering - Department Of Electronics and Communications</subfield>
  </datafield>
  <datafield tag="520" ind1=" " ind2=" ">
    <subfield code="a">Current wireless communication standards fail to provide sufficient data rates when a user is moving at high speeds.In view of this requirement for future mobile wireless communication systems , the 802.16e - 2005 standard has been proposed by the institute of electrical and electronic engineers IEEE</subfield>
  </datafield>
  <datafield tag="530" ind1=" " ind2=" ">
    <subfield code="a">Issued also as CD</subfield>
  </datafield>
  <datafield tag="653" ind1=" " ind2="4">
    <subfield code="a">802 , 16e</subfield>
  </datafield>
  <datafield tag="653" ind1=" " ind2="4">
    <subfield code="a">OFDMA</subfield>
  </datafield>
  <datafield tag="653" ind1=" " ind2="4">
    <subfield code="a">WiMAX</subfield>
  </datafield>
  <datafield tag="700" ind1="0" ind2=" ">
    <subfield code="a">Mohamed Mohamed Khairy , </subfield>
    <subfield code="e">Supervisor</subfield>
  </datafield>
  <datafield tag="700" ind1="0" ind2=" ">
    <subfield code="a">Serag Eldin Sayed Habib , </subfield>
    <subfield code="e">Supervisor</subfield>
  </datafield>
  <datafield tag="856" ind1=" " ind2=" ">
    <subfield code="u">http://172.23.153.220/th.pdf</subfield>
  </datafield>
  <datafield tag="905" ind1=" " ind2=" ">
    <subfield code="a">Mustafa</subfield>
    <subfield code="e">Revisor</subfield>
  </datafield>
  <datafield tag="905" ind1=" " ind2=" ">
    <subfield code="a">Samia</subfield>
    <subfield code="e">Cataloger</subfield>
  </datafield>
  <datafield tag="942" ind1=" " ind2=" ">
    <subfield code="2">ddc</subfield>
    <subfield code="c">TH</subfield>
  </datafield>
  <datafield tag="999" ind1=" " ind2=" ">
    <subfield code="c">7317</subfield>
    <subfield code="d">7317</subfield>
  </datafield>
  <datafield tag="952" ind1=" " ind2=" ">
    <subfield code="2">ddc</subfield>
    <subfield code="7">0</subfield>
    <subfield code="a">CUCL</subfield>
    <subfield code="b">cl210</subfield>
    <subfield code="d">2024-02-11</subfield>
    <subfield code="o">Cai01.13.08.M.Sc.2007.Ab.S</subfield>
    <subfield code="p">01010110048404000</subfield>
    <subfield code="r">2023-09-22 00:00:00</subfield>
    <subfield code="y">TH</subfield>
  </datafield>
  <datafield tag="952" ind1=" " ind2=" ">
    <subfield code="2">ddc</subfield>
    <subfield code="7">0</subfield>
    <subfield code="a">CUCL</subfield>
    <subfield code="b">cl2u8</subfield>
    <subfield code="d">2024-02-11</subfield>
    <subfield code="o">Cai01.13.08.M.Sc.2007.Ab.S</subfield>
    <subfield code="p">01020110048404000</subfield>
    <subfield code="r">2023-09-22 00:00:00</subfield>
    <subfield code="t">48404.CD     </subfield>
    <subfield code="y">CD</subfield>
  </datafield>
</record>
